[Event "IECC CL6-2003.21 email"]
[Site "IECC email"]
[Date "2003.09.06"]
[Round "?"]
[White "Cardus, Gareth"]
[Black "Picchiottino, Jean Pierre"]
[Result "1-0"]
[WhiteElo "1219"]
[BlackElo "1333"]
[PlyCount "67"]
[EventDate "2003.??.??"]
[EventType "tourn (corr)"]
[EventRounds "4"]
[SourceTitle "Corr 2008"]
[Source "ChessBase"]
[SourceDate "2008.06.24"]
[SourceVersion "1"]
[SourceVersionDate "2008.06.24"]
[SourceQuality "1"]

1. e4 e6 2. d4 d5 3. e5 c5 4. Nf3 Nc6 5. c3 Qb6 6. Be2 cxd4 7. cxd4 Nh6 8. Nc3 Nf5 9. Bb5 Bd7 10. Bxc6 Bxc6 11. 0-0 Be7 12. g4 Nh4 13. Nxh4 Bxh4 14. g5 h6 15. gxh6 gxh6 16. Qg4 Be7 17. Rd1 0-0-0 18. Kh1 Rdg8 19. Qf3 Qd8 20. Qxf7 Rf8 21. Qxe6+ Bd7 22. Qg6 Bf5 23. Qh5 Rhg8 24. f3 Qd7 25. Bxh6 Rh8 26. Ne2 Qe6 27. Rac1+ Kb8 28. Bxf8 Rxh5 29. Nf4 Rxh2+ 30. Kxh2 Qf7 31. Bxe7 Qxe7 32. Kg1 Qg5+ 33. Ng2 Bh3 34. Rc2 1-0

[Event "IECC CL6-2003.21 email"]
[Site "IECC email"]
[Date "2003.09.06"]
[Round "?"]
[White "Padsha, Syed"]
[Black "Cardus, Gareth"]
[Result "1-0"]
[WhiteElo "1233"]
[BlackElo "1248"]
[PlyCount "89"]
[EventDate "2003.??.??"]
[EventType "tourn (corr)"]
[EventRounds "4"]
[SourceTitle "Corr 2008"]
[Source "ChessBase"]
[SourceDate "2008.06.24"]
[SourceVersion "1"]
[SourceVersionDate "2008.06.24"]
[SourceQuality "1"]

1. e4 e5 2. Nf3 Nf6 3. Nxe5 d6 4. Nf3 Nxe4 5. Qe2 Qe7 6. d3 Nf6 7. Bg5 Be6 8. Nc3 Nc6 9. d4 d5 10. 0-0-0 0-0-0 11. Ne5 Qd6 12. Nb5 Qb4 13. Nxc6 bxc6 14. Nxa7+ Kd7 15. Qa6 Qb6 16. Nxc6 Qxa6 17. Ne5+ Ke8 18. Bxa6 Rb8 19. Bd3 h6 20. Bf4 Bd6 21. Rhe1 Ng4 22. Rd2 Nxe5 23. Bxe5 Bxe5 24. Rxe5 Kd7 25. Rde2 Rhe8 26. f4 g6 27. g4 f6 28. R5e3 Bf7 29. Rxe8 Rxe8 30. Rxe8 Bxe8 31. a4 Kc8 32. a5 g5 33. b4 gxf4 34. Kd2 h5 35. h4 hxg4 36. Bf5+ Kb7 37. Bxg4 Bg6 38. Bf3 c6 39. c4 dxc4 40. b5 Kc7 41. Bxc6 Bf5 42. Bf3 Kb8 43. b6 Bc8 44. h5 Bb7 45. d5 1-0

[Event "IECC CL6-2003.21 email"]
[Site "IECC email"]
[Date "2003.09.06"]
[Round "?"]
[White "Parkes, Terry"]
[Black "Cardus, Gareth"]
[Result "1-0"]
[WhiteElo "1309"]
[BlackElo "1240"]
[PlyCount "107"]
[EventDate "2003.??.??"]
[EventType "tourn (corr)"]
[EventRounds "4"]
[SourceTitle "Corr 2008"]
[Source "ChessBase"]
[SourceDate "2008.06.24"]
[SourceVersion "1"]
[SourceVersionDate "2008.06.24"]
[SourceQuality "1"]

1. d4 d5 2. c4 e6 3. Nc3 Nf6 4. Nf3 Bb4 5. Qb3 Nc6 6. e3 0-0 7. Bd2 Qe7 8. a3 Bd6 9. c5 Bxc5 10. dxc5 Qxc5 11. Bd3 Ne4 12. Nxe4 dxe4 13. Bxe4 Qb6 14. Qc2 f5 15. Bxc6 bxc6 16. Ne5 c5 17. 0-0 Rd8 18. b4 cxb4 19. Bxb4 Ba6 20. Rfd1 Bb5 21. h3 a5 22. Bc5 Rxd1+ 23. Rxd1 Ba4 24. Bxb6 Bxc2 25. Rc1 cxb6 26. Rxc2 b5 27. Rb2 b4 28. axb4 a4 29. Ra2 a3 30. f4 Ra4 31. b5 g6 32. b6 Rb4 33. Nd7 Rb3 34. Kh2 Kf7 35. Rxa3 Rxa3 36. b7 Rb3 37. b8Q Rxb8 38. Nxb8 Ke7 39. Nc6+ Kd6 40. Ne5 Kd5 41. Kg3 Ke4 42. Kf2 g5 43. g3 gxf4 44. gxf4 Kd5 45. Nf7 h5 46. Ke2 Kc6 47. Kd3 Kd5 48. h4 Kc5 49. Ng5 Kd5 50. Nh7 Kd6 51. Kd4 Ke7 52. Ke5 Kf7 53. Ng5+ Kg7 54. Kxe6 1-0

[Event "IECG CF.2003.0.00051 email"]
[Site "IECG email"]
[Date "2003.09.03"]
[Round "1"]
[White "Cardus, Gareth"]
[Black "Kriksciunas, Bronislavas"]
[Result "0-1"]
[WhiteElo "1000"]
[BlackElo "1100"]
[PlyCount "82"]
[EventDate "2003.09.03"]
[EventType "tourn (corr)"]
[EventRounds "6"]
[SourceTitle "Corr 2008"]
[Source "ChessBase"]
[SourceDate "2008.06.24"]
[SourceVersion "1"]
[SourceVersionDate "2008.06.24"]
[SourceQuality "1"]

1. e4 e5 2. Nf3 Nc6 3. Bb5 a6 4. Ba4 Nf6 5. 0-0 b5 6. Bb3 d6 7. Nc3 Bg4 8. h3 Bh5 9. d3 Nd4 10. g4 Nxb3 11. axb3 Bg6 12. Bg5 Be7 13. b4 c6 14. Re1 h5 15. Be3 hxg4 16. hxg4 Nxg4 17. Qe2 Bh5 18. Qf1 Bf6 19. Bd2 Qd7 20. Qh3 g6 21. Qg2 Bd8 22. Bg5 Bb6 23. Re2 f6 24. Bd2 Ra7 25. b3 f5 26. exf5 gxf5 27. d4 Kf8 28. Bg5 Qg7 29. Qg3 Nf6 30. Nxe5 dxe5 31. Rxe5 Bg4 32. Bxf6 Qxf6 33. Rae1 Rh3 34. Qg2 Rxc3 35. Re6 Qxd4 36. Qh2 Rh3 37. c3 Qd5 38. Qg2 f4 39. R6e4 Qh5 40. Rxf4+ Rf7 41. Rxf7+ Kxf7 0-1